Normal view
MARC view
- التنظيم الصناعي-ادارة الانتاج
Entry Topical Term
001 - CONTROL NUMBER
- control field: 32830
003 - CONTROL NUMBER IDENTIFIER
- control field: JO-AjAnu
005 - DATE AND TIME OF LATEST TRANSACTION
- control field: 20230606075520.0
008 - FIXED-LENGTH DATA ELEMENTS
- fixed length control field: 230606|| aca||aabn | a|a d
040 ## - CATALOGING SOURCE
- Original cataloging agency: JO-AjAnu
- Transcribing agency: JO-AjAnu
150 ## - HEADING--TOPICAL TERM
- Topical term or geographic name entry element: التنظيم الصناعي-ادارة الانتاج
670 ## - SOURCE DATA FOUND
- Source citation: Work cat.: (JO-AjAnu)16866: يونس، عبد الغفور, author 32829, التنظيم الصناعي وادارة الانتاج